00414nam a22001337a 4500003000400000005001700004008004100021040002200062082001800084110008400102245006700186260000900253300001800262OSt20221012193452.0221012b |||||||| |||| 00| 0 eng d cBiblioteca Lado V a700.74bD598b aDirection Regionale des Affaires Culturelles de la Martinique Association PAPAY a3era Biennale Peinture des Caraibes et de l'Amerique Centrale/ c1996 a16p.c21x30cm